[Event "Netanya op"]
[Site "Netanya"]
[Date "2019.06.24"]
[Round "2"]
[White "Sokolovsky, Yahli"]
[Black "Fudim, Ariel"]
[Result "1-0"]
[WhiteElo "2074"]
[BlackElo "1754"]
[PlyCount "73"]
[EventDate "2019.06.23"]
[EventType "swiss"]
[EventRounds "9"]
[EventCountry "ISR"]
[SourceTitle "CBM 191 Extra"]
[Source "ChessBase"]
[SourceDate "2019.09.30"]
[SourceVersion "1"]
[SourceVersionDate "2019.09.30"]
[SourceQuality "1"]

1. e4 c5 2. Nf3 g6 3. d4 cxd4 4. Nxd4 Nc6 5. c4 Nf6 6. Nc3 d6 7. Be2 Nxd4 8. Qxd4 Bg7 9. Be3 0-0 10. Qd2 Re8 11. 0-0 Be6 12. b3 Qa5 13. Rab1 Nd7 14. Rfc1 f5 15. b4 Qd8 16. f4 Nf6 17. Bd3 Ng4 18. exf5 gxf5 19. Nd5 Bd7 20. h3 Nxe3 21. Nxe3 e6 22. Bc2 Bf8 23. Rb3 Ba4 24. Rd3 Bxc2 25. Rxc2 Qf6 26. g4 Kh8 27. gxf5 exf5 28. Nd5 Qg6+ 29. Kh2 Re4 30. Rg3 Qf7 31. Qd3 Bg7 32. Rcg2 Bf6 33. Nxf6 Qxf6 34. Qd5 Ree8 35. Rg5 Rf8 36. Qxb7 Qd4 37. Qxh7+ 1-0

[Event "Netanya op"]
[Site "Netanya"]
[Date "2019.06.23"]
[Round "1"]
[White "Fudim, Ariel"]
[Black "Rozen, Eytan"]
[Result "0-1"]
[WhiteElo "1754"]
[BlackElo "2317"]
[PlyCount "90"]
[EventDate "2019.06.23"]
[EventType "swiss"]
[EventRounds "9"]
[EventCountry "ISR"]
[SourceTitle "CBM 191 Extra"]
[Source "ChessBase"]
[SourceDate "2019.09.30"]
[SourceVersion "1"]
[SourceVersionDate "2019.09.30"]
[SourceQuality "1"]

1. d4 f5 2. c4 e6 3. g3 Nf6 4. Bg2 d5 5. Nf3 c6 6. 0-0 Bd6 7. b3 0-0 8. Ba3 b6 9. Bxd6 Qxd6 10. Nbd2 Nbd7 11. Rc1 Bb7 12. Qc2 Ne4 13. Ne1 Rac8 14. f3 Nxd2 15. Qxd2 Rfd8 16. e3 dxc4 17. bxc4 c5 18. f4 Bxg2 19. Nxg2 Nf6 20. Rfd1 Qc6 21. Qe2 Rd6 22. Ne1 Ne4 23. Nf3 Rcd8 24. Ne5 Qa4 25. Qb2 h6 26. Rd3 a5 27. Rcd1 cxd4 28. exd4 Rxd4 29. Rxd4 Qxd1+ 30. Rxd1 Rxd1+ 31. Kg2 Rd2+ 32. Qxd2 Nxd2 33. Kf2 Ne4+ 34. Ke3 Nc5 35. Kd4 g5 36. fxg5 hxg5 37. Nf3 g4 38. Ng5 Kf8 39. h3 gxh3 40. Nxh3 Ke7 41. Nf4 Kd6 42. Ng6 a4 43. Ne5 Nb3+ 44. axb3 a3 45. b4 a2 0-1